Handbook of Public Information Systems /

Antología referente a la tecnología de información y su aplicación en la administración pública, cuya finalidad es proveer al administrador público de los niveles federal y estatal una herramienta para comprender la historia y usos de los sistemas públicos de información, adquirir conciencia de tema...

Deskribapen osoa

Gorde:
Xehetasun bibliografikoak
Egile nagusia: Garson, G. David (ed.)
Formatua: Liburua
Hizkuntza:ingelesa
Argitaratua: Nueva York, EUA : Marcel Dekker, 2000, c2000
Saila:(Public Administration and Public Policy ; 77)
Gaiak:
Etiketak: Etiketa erantsi
Etiketarik gabe, Izan zaitez lehena erregistro honi etiketa jartzen!

MARC

LEADER 00000nam^a2200000^a^4500
001 000121304
005 20250521000000.0
009 20260310094423.476
020 |a 0-8247-8244-5 
037 |a Acervo ITESO - Biblioteca 
041 |a ING 
082 |a 350. 285  |b GAR 
100 |a Garson, G. David  |e (ed.) 
245 1 0 |a Handbook of Public Information Systems /  |c Ed. y pref. de D.G. Garson. 
264 4 |a Nueva York, EUA :  |b Marcel Dekker,  |c 2000, c2000 
300 |a XII, 618 p. 
336 |a texto  |b txt  |2 rdacontenido 
337 |a sin mediación  |b n  |2 rdamedio 
338 |a volumen  |b nc  |2 rdasoporte 
440 1 |a (Public Administration and Public Policy ;  |v 77) 
520 |a Antología referente a la tecnología de información y su aplicación en la administración pública, cuya finalidad es proveer al administrador público de los niveles federal y estatal una herramienta para comprender la historia y usos de los sistemas públicos de información, adquirir conciencia de temas gerenciales y competencias vinculadas con las tecnologías informativas. Incluidas la introducción y las conclusiones, nueve secciones integran esta compilación: Respaldo. Investigación organizacional. Políticas. Estudios de caso. Aplicaciones a nivel federal. Aplicaciones a nivel estatal y local y Competencias en tecnología de la información. 
649 |a XX 
650 |a Gobierno Estatal 
650 |a Gobierno Federal 
650 |a Sistemas de Información -  |x Administración 
650 |a Proceso de Datos 
650 |a Tecnologías de Comunicación e Información 
650 |a Tecnologías de Comunicación e Información 
650 |a Información -  |x Aspectos Políticos 
650 |a Política de Comunicación 
650 |a Política 
650 |a Administración Pública 
650 |a Ciencias Administrativas 
910 |a Fondo General 
920 |a Impresos - Libros 
930 |a Colección General 
905 |a 101 
901 |a 0500055930  |b IT1  |c ACC  |u 20250521 
902 |a https://opac.biblio.iteso.mx/vufind/Record/000121304